| LEADER | 00492cam a2200145 7i4500 | ||
|---|---|---|---|
| 001 | 0000036152 | ||
| 005 | 20230125090000.0 | ||
| 020 | # | # | |a 9789834900519 |
| 040 | # | # | |a MATR |
| 100 | 0 | # | |a Shamsul Anuar Nasarah |e author |
| 245 | 0 | 0 | |a DATUK HARIMAU |c Shamsul Anuar Nasarah and Ahmad Shahar Nasarah. |
| 264 | # | 0 | |a Kuala Lumpur: |b Dewan Bahasa dan Pustaka, |c 2016. |
| 300 | # | # | |a x, 76 pages: |b illustrations; |c 25 cm. |
| 700 | 0 | # | |a Ahmad Shahar Nasarah |
| 999 | |a B000040810 |b Book |c Open shelf |e Business Information Centre | ||


